| 000 | | | 03597nmc2a22002413x 450 |
| 001 | | | 6aa0a1f8-78f5-4af9-92a7-ed16e1140219 |
| 005 | | | 20241226174049.0 |
| 100 | ## | $a | 20240828l18591860k l0rusy0189 ca |
| 101 | 0# | $a | rus |
| 102 | ## | $a | RU |
| 105 | ## | $a | y### |
| 122 | 2# | $a | d |
| 200 | 1# | $a | Дело о назначении пенсионов по Придворному ведомству за майскую треть 1860 года |
| | $j | 29 декабря 1859 г. - 5 декабря 1860 г. |
| 215 | ## | $a | 802 л. |
| | $d | 36,5х26 см |
| 251 | ## | $c | Дело |
| 300 | ## | $a | На обложке имеются карандашные пометы |
| 371 | ## | $a | Документ не является опубликованным и широко распространяемым |
| 461 | #0 | $1 | 00108cd6ec2-be9a-457f-a0b6-fa449e506316 |
| | $1 | 2001 |
| | $a | Канцелярия Министерства Императорского двора |
| | $1 | 251 |
| | $c | Фонд |
| | $1 | 852 |
| | $j | 472 |
| 462 | #0 | $1 | 0015265e818-b7f3-4da1-9e39-1aec072863ce |
| | $1 | 2001 |
| | $a | Канцелярия Министерства Императорского двора |
| | $1 | 251 |
| | $c | Опись |
| | $1 | 852 |
| | $j | 9 |
| 801 | #0 | $a | RU |
| | $b | РГИА |
| | $c | 20240828 |
| | $g | RCR |
| 801 | #1 | $a | RU |
| | $b | ГлавНИВЦ |
| | $c | 20240828 |
| | $2 | rusmarc |
| 801 | #2 | $a | RU |
| | $b | ПБ им. Б.Н. Ельцина |
| | $c | 20241226 |
| | $g | RCR |
| | $2 | rusmarc |
| 850 | ## | $a | РГИА |
| 852 | ## | $a | РГИА |
| | $e | Федеральное казенное учреждение "Российский государственный исторический архив" (РГИА) |
| | $j | 198 |
| 937 | ## | $h | РГИА |
| | $d | 12417159 |
| | $a | ASBIBLIO_SCAN |
| 035 | ## | $a | RusGRCC00081299 |
| 856 | ## | $u | http://readingroom.main.prlib.ru/item.aspx?id_node=n195671731&mode=full |